00662 2200253 4500001002100000005001500021035002000036007000300056008004100059020002200100082000800122084001400130100001700144245007300161250001000234260003200244300002900276500001400305650003200319700000800351504002700359990001100386990001100397INLIS00000000000444020191114092729 a0010-1119000067ta191114 g 0 ind  a978-602-98191-2-0 a150 a150 AFI e0 aAFIN, Murtie1 aEnsiklopedi Anak Berkebutuhan Khusus /cAfin Murtie; penyunting, Ina acet.2 aYogyakarta :bMaxima,c2017 a302 hlm :bilus ;c24 cm aGlosarium 4aPSIKOLOGI. ANAK DISABILITAS0 aINA aBibliografi.: hlm. 302 a7132 a a7132 b